El señor de Bembibre

Uloženo v:
Podrobná bibliografie
Hlavní autor: Gil y Carrasco, Enrique (Autor)
Médium: Kniha
Jazyk:španělština
Vydáno: Madrid EMESA 1974
Edice:Colección Novelas y Cuentos
Témata:
Tagy: Přidat tag
Žádné tagy, Buďte první, kdo vytvoří štítek k tomuto záznamu!

MARC

LEADER 00000nam a2200000 a 4500
001 UCX7321
003 CL-VaPUC
008 931204e19740000SP |||||||||||||||||spa|d
082 0 4 |a 863  |b GIL  |2 21 
100 0 |a Gil y Carrasco, Enrique  |e author  |9 321919 
245 1 3 |a El señor de Bembibre 
300 |a 296 p 
942 |c BK 
945 |d 19931204 00:00:00  |a rbrito 
260 |a Madrid  |b EMESA  |c 1974 
650 0 |a Novelas españolas  |9 265052 
583 |a last modification  |c 19931204 00:00:00  |k Rodrigo Vera 
490 0 |a Colección Novelas y Cuentos 
999 |c 227172  |d 227170 
952 |0 0  |1 0  |4 0  |6 863_000000000000000_GIL_1974  |7 0  |8 R  |9 225997  |a BIBEDU  |b BIBEDU  |c MCIRC  |d 2019-11-15  |i 1932993  |o 863 GIL 1974  |p 1932993  |r 2023-01-13  |w 2019-11-15  |y BK_R  |k LIT